Grassroot democracy and panchayati raj in tripura / (Record no. 146841)
[ view plain ]
| 000 -LEADER | |
|---|---|
| fixed length control field | 00682nam a22002057a 4500 |
| 005 - DATE AND TIME OF LATEST TRANSACTION | |
| control field | 20171025124138.0 |
| 010 ## - LCCN (DPL NO) | |
| LC control number | ENG-121069 |
| 020 ## - INTERNATIONAL STANDARD BOOK NUMBER | |
| Terms of availability | 250.00 |
| International Standard Book Number | 8180642216 |
| 035 ## - SYSTEM CONTROL NUMBER | |
| System control number | EN-104601 |
| 037 ## - SOURCE OF ACQUISITION | |
| Source of stock number/acquisition | DBAD/PUB |
| 082 ## - DEWEY DECIMAL CLASSIFICATION NUMBER | |
| Classification number | 320.8095415 |
| 100 ## - MAIN ENTRY--PERSONAL NAME | |
| Personal name | Das, Nityananda |
| 245 ## - TITLE STATEMENT | |
| Title | Grassroot democracy and panchayati raj in tripura / |
| Statement of responsibility, etc | by Nityananda Das ; forworded by Benimadhab Majumder |
| 260 ## - PUBLICATION, DISTRIBUTION, ETC. (IMPRINT) | |
| Place of publication, distribution, etc | Kolkata |
| Name of publisher, distributor, etc | Progressive Publishers |
| Date of publication, distribution, etc | 2012 |
| 270 ## - ADDRESS | |
| Address | 37/A, College Street |
| City | Kolkata |
| 300 ## - PHYSICAL DESCRIPTION | |
| Extent | 294p. |
| Dimensions | 22cm(Hb) |
| Other physical details | ill. |
| 500 ## - GENERAL NOTE | |
| General note | Includes bibliographical references and index |
| 700 ## - ADDED ENTRY--PERSONAL NAME | |
| Personal name | Majumder, Benimadhab |
| 942 ## - ADDED ENTRY ELEMENTS (KOHA) | |
| Source of classification or shelving scheme | Dewey Decimal Classification |
| Item type | English Books |
| Classification part | 320.8095415 |
| Call number suffix | DAS |
| Withdrawn status | Lost status | Not for loan | Collection code | Home library | Current library | Date acquired | Source of acquisition | Cost, normal purchase price | Full call number | Barcode | Copy number | Cost, replacement price | Koha item type |
|---|---|---|---|---|---|---|---|---|---|---|---|---|---|
| Not For Loan | Non-fiction | D.B.Act.Division | Bawana | 25/10/2017 | DBAD/PUB | 250.00 | 320.8095415 DAS | EN-104601 | 1 | 250.00 | English Books |
